000 00858nam a22002417a 4500
001 3655
003 FISKH
005 20240403112403.0
008 240403b cb ||||| |||| 00| 0 eng d
040 _aFISK
_beng
_cFISK
_dFISK
050 _aPZ7.S7376
082 _a813.54
100 _aSpeare George Elizabeth
_d1908-1994
245 _aThe witch of blackbird pond /
_cElizabeth George Speare
260 _aNew York :
_bBantam Doubleday Dell Books,
_c1987
300 _a249 pages :
_c20 cm
505 _aO
520 _aIn 1687 in Connecticut, Kit Tyler, feeling out of place in the Puritan household of her aunt, befriends an old woman considered a witch by the community and suddenly finds herself standing trial for witchcraft.
521 8 _a850
_bLexile
700 _aElizabeth George Speare
942 _2ddc
_cBK
_n0
999 _c3655
_d3655